[Event "Leisurely Chess"]
[Site "SchemingMind.com"]
[Date "2015.04.13"]
[Round "-"]
[White "Scooter"]
[Black "Phillip Beckett"]
[Result "0-1"]
[WhiteCountry "USA"]
[BlackCountry "ENG"]
[WhiteElo "1716"]
[WhiteRD "45"]
[BlackElo "1608"]
[BlackRD "48"]
[GameID "378483"]

1. d4 d5 2. Nf3 Nf6 3. Bf4 e6 4. e3 c5 5. Bb5+ Nc6 6. c3 a6 7. Bxc6+ bxc6 8. O-O Bd6 9. Bxd6 Qxd6 10. Nbd2 cxd4
11. cxd4 O-O 12. a3 Bb7 13. Rc1 Rfc8 14. b4 a5 15. Qb3 axb4 16. Qxb4 Qxb4 17. axb4 Ra2 18. Ra1 Rca8 19. Rxa2 Rxa2 20. Rb1 Ba6
21. Nb3 Ne4 22. Na5 Bb5 23. Ne5 Nd2 24. Rc1 Rb2 25. Nexc6 Bxc6 26. Nxc6 g6 27. h3 Nb3 28. Rc3 Nd2 29. f3 Nc4 30. Na5 Rxb4
31. Nxc4 dxc4 32. Kf2 Kf8 33. g4 Ke7 34. g5 Kd6 35. e4 Ra4 36. Kg3 Kc6 37. h4 Kb5 38. Kg4 Kb4 39. Rc1 c3 40. Kf4 Kb3
41. Ke5 Kb2 42. Re1 c2 43. Re2 Kb1
0-1

[Event "Leisurely Chess"]
[Site "SchemingMind.com"]
[Date "2015.04.15"]
[Round "-"]
[White "ideasChess"]
[Black "Michael Christensen"]
[Result "1-0"]
[WhiteCountry "POL"]
[BlackCountry "GER"]
[WhiteElo "2248"]
[WhiteRD "105"]
[BlackElo "1697"]
[BlackRD "73"]
[GameID "378507"]

1. e4 a6 2. d4 b5 3. Bd3 Bb7 4. Nf3 d6 5. a4 b4 6. O-O Nf6 7. e5 dxe5 8. dxe5 Nfd7 9. e6 fxe6 10. Nd4 Nc5
11. Qh5+
1-0

[Event "Leisurely Chess"]
[Site "SchemingMind.com"]
[Date "2015.04.16"]
[Round "-"]
[White "bull mccabe"]
[Black "ideasChess"]
[Result "0-1"]
[WhiteCountry "IRL"]
[BlackCountry "POL"]
[WhiteElo "2097"]
[WhiteRD "115"]
[BlackElo "2309"]
[BlackRD "102"]
[GameID "378508"]

1. e4 e5 2. Nf3 Nc6 3. Bb5 Nf6 4. O-O Nxe4 5. d4 Nd6 6. Bxc6 dxc6 7. dxe5 Nf5 8. Qxd8+ Kxd8 9. Rd1+ Ke8 10. Nc3 Ne7
11. Bg5 Bg4 12. Rd3 h6 13. Bxe7 Bxe7 14. h3 Bf5 15. Rd2 Rd8 16. Rad1 Rxd2 17. Rxd2 f6 18. Nd4 Bh7 19. Nf3 Kf7 20. a3 Rd8
21. Re2 g5 22. Kh2 f5 23. g3 Ke6 24. Kg2 Bg6 25. Nd2 b6 26. Nb3 c5 27. Nc1 Be8 28. Nd3 c4 29. Ne1 a5 30. f3 Bc6
31. g4 f4 32. h4 Bc5 33. hxg5 hxg5 34. Kf1 Bd4 35. Rd2 Rd7 36. Ne4 Bxe4 37. fxe4 Bxb2 38. Rxd7 Kxd7 39. Nf3 Bxa3 40. Ke2 Be7
41. Nd4 a4
0-1

[Event "Leisurely Chess"]
[Site "SchemingMind.com"]
[Date "2015.04.15"]
[Round "-"]
[White "ideasChess"]
[Black "bull mccabe"]
[Result "1-0"]
[WhiteCountry "POL"]
[BlackCountry "IRL"]
[WhiteElo "2309"]
[WhiteRD "102"]
[BlackElo "2097"]
[BlackRD "115"]
[GameID "378509"]

1. Nf3 Nf6 2. g3 d5 3. Bg2 c6 4. O-O Bg4 5. d3 Nbd7 6. Nbd2 e5 7. e4 dxe4 8. dxe4 Bc5 9. Qe1 O-O 10. h3 Bh5
11. Nh4 Re8 12. a4 Qc7 13. Nc4 Rad8 14. g4 Nxg4 15. hxg4 Bxg4 16. Be3 Be6 17. Qa5 b6 18. Qc3 Bd4 19. Bxd4 exd4 20. Qxd4 Nf6
21. Qc3 Bxc4 22. Qxc4 Qf4 23. Nf3 Rxe4 24. Rad1 Rde8 25. Qxc6 Rc4 26. Qd6 Qxd6 27. Rxd6 Rxc2 28. Re1 Rxb2 29. Rxe8+ Nxe8 30. Rd7 a6
31. Ne5 Rb1+ 32. Kh2 Re1 33. Nxf7 h6 34. Rb7 b5 35. Bd5 Nf6 36. axb5 Nxd5 37. bxa6 Ra1 38. a7 Kh7 39. Ne5 h5 40. Nc6 Ra2
41. Kg2 h4 42. Kh3
1-0

[Event "Leisurely Chess"]
[Site "SchemingMind.com"]
[Date "2015.04.15"]
[Round "-"]
[White "tyler_ensor"]
[Black "ideasChess"]
[Result "0-1"]
[WhiteCountry "CAN"]
[BlackCountry "POL"]
[WhiteElo "1888"]
[WhiteRD "78"]
[BlackElo "2155"]
[BlackRD "112"]
[GameID "378510"]

1. d4 d5 2. c4 dxc4 3. Nf3 Nf6 4. e3 e6 5. Bxc4 c5 6. O-O a6 7. a4 Nc6 8. Qe2 cxd4 9. Rd1 Be7 10. exd4 O-O
11. Nc3 Nd5 12. Qe4 Ncb4 13. Ne5 b6 14. Nc6 Nxc6 15. Nxd5 Bb7 16. Nxe7+ Qxe7 17. d5 exd5 18. Bxd5 Qxe4 19. Bxe4 Rfe8 20. Bf3 Na5
21. Bxb7 Nxb7 22. Be3 b5 23. Rd7 Na5 24. axb5 axb5 25. Rad1 Nc4 26. Bc1 Ra1 27. Rd8 Kf8 28. Rxe8+ Kxe8 29. Re1+ Kd7 30. Bd2 Rxe1+
31. Bxe1 Nxb2 32. Bc3 Na4 33. Bxg7 b4 34. g4 b3 35. f4 b2 36. Bxb2 Nxb2 37. Kg2 Kd6 38. Kf3 Kd5 39. h4 Nc4 40. g5 Ke6
41. Kg4 Nd6 42. Kh5 Nf5 43. Kg4 Ng7 44. h5 Nf5 45. h6 Nxh6+ 46. gxh6 Kf6 47. Kf3 Kg6 48. Kg4 Kxh6 49. f5 Kg7 50. Kf3 Kf6
51. Kg4 h6 52. Kf4 h5 53. Ke4 Kg5 54. Kf3 Kxf5 55. Kg3 Kg5 56. Kf3 f5 57. Kg2 Kg4 58. Kg1 Kg3 59. Kh1 f4 60. Kg1 f3
61. Kh1 Kf2
0-1

[Event "Leisurely Chess"]
[Site "SchemingMind.com"]
[Date "2015.04.14"]
[Round "-"]
[White "ideasChess"]
[Black "tyler_ensor"]
[Result "1-0"]
[WhiteCountry "POL"]
[BlackCountry "CAN"]
[WhiteElo "2272"]
[WhiteRD "109"]
[BlackElo "1770"]
[BlackRD "83"]
[GameID "378511"]

1. e4 c5 2. Nf3 d6 3. d4 cxd4 4. Nxd4 Nf6 5. Nc3 g6 6. Be3 Bg7 7. Nb3 a6 8. Be2 Nbd7 9. O-O O-O 10. a4 b6
11. f4 Bb7 12. Bf3 Qc7 13. Kh1 Rac8 14. Qe1 Nc5 15. a5 Ncxe4 16. Bxb6 Qc6 17. Nd4 Qc4 18. Ra4 Qxf1+ 19. Qxf1 Nd2 20. Qd3 Nxf3
21. Nxf3 Ng4 22. h3 Nf6 23. Bd4 Nh5 24. Bxg7 Kxg7 25. Rb4
1-0

[Event "Leisurely Chess"]
[Site "SchemingMind.com"]
[Date "2015.04.19"]
[Round "-"]
[White "emvarela"]
[Black "ideasChess"]
[Result "0-1"]
[WhiteCountry "ARG"]
[BlackCountry "POL"]
[WhiteElo "1700"]
[WhiteRD "49"]
[BlackElo "2275"]
[BlackRD "113"]
[GameID "378512"]

1. e4 e5 2. Nf3 Nc6 3. Bb5 a6 4. Bxc6 dxc6 5. O-O Bg4 6. h3 h5 7. d3 Qf6 8. Nbd2 Bd6 9. Qe1 Ne7 10. Nh2 Be6
11. Qe2 g5 12. f3 Bc5+ 13. Kh1 Ng6 14. Nb3 Ba7 15. Be3 Nf4 16. Qf2 Bxe3 17. Qxe3 b6 18. d4 O-O-O 19. c3 Kb7 20. dxe5 Qxe5
21. Nd4 c5 22. Nxe6 Qxe6 23. Rfd1 Rxd1+ 24. Rxd1 Qxa2 25. e5 Qxb2
0-1

[Event "Leisurely Chess"]
[Site "SchemingMind.com"]
[Date "2015.04.19"]
[Round "-"]
[White "ideasChess"]
[Black "emvarela"]
[Result "1-0"]
[WhiteCountry "POL"]
[BlackCountry "ARG"]
[WhiteElo "2268"]
[WhiteRD "105"]
[BlackElo "1741"]
[BlackRD "50"]
[GameID "378513"]

1. c4 c5 2. Nf3 Nf6 3. g3 g6 4. Bg2 Bg7 5. O-O O-O 6. Nc3 Nc6 7. d4 cxd4 8. Nxd4 Nxd4 9. Qxd4 d6 10. Qd3 a6
11. Bd2 e6 12. Rad1 Qc7 13. Bf4 e5 14. Bg5 Ne8 15. Nd5 Qd7 16. Nb6
1-0

[Event "Leisurely Chess"]
[Site "SchemingMind.com"]
[Date "2015.04.15"]
[Round "-"]
[White "Phillip Beckett"]
[Black "ideasChess"]
[Result "0-1"]
[WhiteCountry "ENG"]
[BlackCountry "POL"]
[WhiteElo "1589"]
[WhiteRD "49"]
[BlackElo "2242"]
[BlackRD "102"]
[GameID "378514"]

1. e4 e5 2. Nf3 Nc6 3. Bb5 Nf6 4. d3 Bc5 5. O-O Nd4 6. Nxd4 Bxd4 7. c3 Bb6 8. Qf3 c6 9. Bc4 d5 10. exd5 cxd5
11. Bb3 O-O 12. Be3 Bc7 13. Bg5 e4 14. dxe4 dxe4 15. Bxf6 exf3 16. Bxd8 Rxd8 17. Na3 fxg2 18. Kxg2 Bd7 19. Rad1 Bc6+ 20. Kg1 Bf3
21. Rxd8+ Rxd8 22. Nc4 Rd5 23. Ne3 Rg5+
0-1

[Event "Leisurely Chess"]
[Site "SchemingMind.com"]
[Date "2015.04.14"]
[Round "-"]
[White "ideasChess"]
[Black "Phillip Beckett"]
[Result "1-0"]
[WhiteCountry "POL"]
[BlackCountry "ENG"]
[WhiteElo "2268"]
[WhiteRD "105"]
[BlackElo "1545"]
[BlackRD "51"]
[GameID "378515"]

1. d4 d5 2. c4 e6 3. Nf3 Nf6 4. Nc3 Be7 5. Bg5 h6 6. Bh4 O-O 7. e3 Ne4 8. Bxe7 Qxe7 9. Rc1 Nxc3 10. Rxc3 dxc4
11. Bxc4 c6 12. O-O Nd7 13. Qc2 e5 14. Qe4 Re8 15. Nxe5 Nxe5 16. Qxe5 Qxe5 17. dxe5 Rxe5 18. Rd1 Kf8 19. f3 Be6 20. Bxe6 Rxe6
21. Rd7 Re7 22. Rd6 Rae8 23. e4 Re6 24. Rd2 R6e7= 25. Rcd3 f6 26. Kf2 Kf7 27. b3 Re6 28. g4 R6e7 29. Kg3 Ke6 30. Rd6+ Kf7
31. h4 Re6 32. R6d3 R6e7 33. a4 g5 34. Rd6 Re6 35. R6d4 R6e7 36. hxg5 hxg5 37. Rh2 Ke6 38. Rh6 Kf7 39. Rd6 Re6 40. Rh7+ Kg6
41. Rdd7
1-0

[Event "Leisurely Chess"]
[Site "SchemingMind.com"]
[Date "2015.04.15"]
[Round "-"]
[White "Scooter"]
[Black "ideasChess"]
[Result "0-1"]
[WhiteCountry "USA"]
[BlackCountry "POL"]
[WhiteElo "1710"]
[WhiteRD "48"]
[BlackElo "2268"]
[BlackRD "105"]
[GameID "378516"]

1. d4 d5 2. Nf3 Nf6 3. Bf4 c5 4. e3 Nc6 5. c3 e6 6. Bb5 Bd6 7. Bxd6 Qxd6 8. O-O O-O 9. Nbd2 Bd7 10. Bxc6 Bxc6
11. Re1 Nd7 12. e4 dxe4 13. Nxe4 Qf4 14. Nxc5 Nxc5 15. dxc5 Rfd8 16. Qe2 Bxf3 17. Qxf3 Qxf3 18. gxf3 Rd2 19. b4 Rad8 20. Kf1 Kf8
21. Re2 R2d3 22. Re3 Rxe3 23. fxe3 Rd2 24. a4 Rxh2 25. Rd1 Ke7 26. a5 g5 27. Ke1 h5 28. b5 h4 29. Rd4 Rc2 30. Rd3 h3
0-1

[Event "Leisurely Chess"]
[Site "SchemingMind.com"]
[Date "2015.04.14"]
[Round "-"]
[White "ideasChess"]
[Black "Scooter"]
[Result "1-0"]
[WhiteCountry "POL"]
[BlackCountry "USA"]
[WhiteElo "2262"]
[WhiteRD "106"]
[BlackElo "1726"]
[BlackRD "46"]
[GameID "378517"]

1. Nf3 Nf6 2. g3 g6 3. Bg2 Bg7 4. O-O c6 5. c4 O-O 6. Nc3 d5 7. cxd5 cxd5 8. d4 a6 9. Ne5 e6 10. Bg5 Nbd7
11. Nd3 b5 12. e4 dxe4 13. Nxe4 Bb7 14. Nxf6+
1-0

[Event "Leisurely Chess"]
[Site "SchemingMind.com"]
[Date "2015.04.14"]
[Round "-"]
[White "Kid A"]
[Black "Michael Christensen"]
[Result "1-0"]
[WhiteCountry "FIN"]
[BlackCountry "GER"]
[WhiteElo "1875"]
[WhiteRD "76"]
[BlackElo "1691"]
[BlackRD "69"]
[GameID "378537"]

1. e4 a6 2. d4 b5 3. Nf3 Bb7 4. Bd3 Nc6 5. O-O e6 6. Bf4 d6 7. c4 bxc4 8. Bxc4 g6 9. Nc3 Bg7 10. Qa4 Qd7
11. Rfe1 Nge7 12. Rad1 O-O 13. d5 exd5 14. exd5
1-0

[Event "Leisurely Chess"]
[Site "SchemingMind.com"]
[Date "2015.04.15"]
[Round "-"]
[White "Michael Christensen"]
[Black "Kid A"]
[Result "1-0"]
[WhiteCountry "GER"]
[BlackCountry "FIN"]
[WhiteElo "1697"]
[WhiteRD "73"]
[BlackElo "1813"]
[BlackRD "78"]
[GameID "378538"]

1. f4 d5 2. Nf3 Nf6 3. e3 g6 4. Be2 Bg7 5. d3 c5 6. O-O Nc6 7. Nbd2 O-O 8. Qe1 Qc7 9. Kh1 Ng4 10. Nb3 Nb4
11. Qd2 a5 12. Rb1 Nxa2 13. Na1 Nxc1 14. Qxc1 b5 15. h3 Nf6 16. c3 Nh5 17. Qe1 Bd7 18. Qh4 Bf6 19. Ng5 Bxg5 20. Qxg5 Nf6
21. Nc2 Bf5 22. Rf3 c4 23. Ne1 b4 24. Rg3 e6 25. Qxf6
1-0

[Event "Leisurely Chess"]
[Site "SchemingMind.com"]
[Date "2015.04.15"]
[Round "-"]
[White "Kid A"]
[Black "bull mccabe"]
[Result "0-1"]
[WhiteCountry "FIN"]
[BlackCountry "IRL"]
[WhiteElo "1813"]
[WhiteRD "78"]
[BlackElo "2106"]
[BlackRD "118"]
[GameID "378539"]

1. e4 c5 2. d4 cxd4 3. Nf3 d6 4. Nxd4 Nf6 5. Nc3 a6 6. Bc4 e6 7. Bb3 b5 8. Be3 Bb7 9. f3 Qc7 10. a3 Nc6
11. O-O Be7 12. Qe2 O-O 13. Rad1 Rfe8 14. Kh1 Na5 15. Ba2 d5 16. Bg5 h6 17. Bh4 Nc4 18. Bxc4 dxc4 19. e5 Nd5 20. Bxe7 Nxc3
21. bxc3 Qxe7 22. f4 Qxa3 23. f5 Qxc3 24. f6 g6 25. Nf3 Red8 26. Rxd8+ Rxd8 27. Nh4 Qd2 28. Qg4 h5 29. Qg3 Qxc2 30. h3 Qd3
0-1

[Event "Leisurely Chess"]
[Site "SchemingMind.com"]
[Date "2015.04.16"]
[Round "-"]
[White "bull mccabe"]
[Black "Kid A"]
[Result "1-0"]
[WhiteCountry "IRL"]
[BlackCountry "FIN"]
[WhiteElo "2106"]
[WhiteRD "118"]
[BlackElo "1813"]
[BlackRD "78"]
[GameID "378540"]

1. e4 c5 2. Nc3 Nc6 3. Nf3 g6 4. d4 cxd4 5. Nxd4 Bg7 6. Be3 d6 7. Be2 Nf6 8. O-O O-O 9. Nb3 Be6 10. f4 Bh6
11. Nd4 Bd7 12. Qd2 e5 13. Nxc6 Bxc6 14. Rad1 Nxe4 15. Nxe4 Bxe4 16. fxe5 Bxe3+ 17. Qxe3 d5 18. c4 Qa5 19. b4 Qxa2 20. Rd2 Qa4
21. cxd5 Bf5 22. Rd4 Qd7 23. e6 Qe7 24. g4 fxe6 25. gxf5 gxf5 26. Qxe6+ Rf7 27. Qxe7 Rxe7 28. Bc4 Kg7 29. Rxf5
1-0

[Event "Leisurely Chess"]
[Site "SchemingMind.com"]
[Date "2015.04.14"]
[Round "-"]
[White "Kid A"]
[Black "tyler_ensor"]
[Result "1-0"]
[WhiteCountry "FIN"]
[BlackCountry "CAN"]
[WhiteElo "1839"]
[WhiteRD "76"]
[BlackElo "1793"]
[BlackRD "81"]
[GameID "378541"]

1. e4 c5 2. Nf3 d6 3. d4 cxd4 4. Nxd4 Nf6 5. Nc3 g6 6. Be3 Bg7 7. f3 a6 8. Qd2 h5 9. h4 b5 10. a3 Bb7
11. Be2 Nbd7 12. O-O-O Rc8 13. Kb1 Ne5 14. Bg5 Nc4 15. Bxc4 Rxc4 16. Rhe1 Nd7 17. Qf2 Qc7 18. f4 Rxc3 19. bxc3 Qxc3 20. Rd3 Qc5
21. Bxe7 Kxe7 22. e5 dxe5 23. Nf5+ Kf8 24. Qxc5+
1-0

[Event "Leisurely Chess"]
[Site "SchemingMind.com"]
[Date "2015.04.14"]
[Round "-"]
[White "tyler_ensor"]
[Black "Kid A"]
[Result "1-0"]
[WhiteCountry "CAN"]
[BlackCountry "FIN"]
[WhiteElo "1888"]
[WhiteRD "78"]
[BlackElo "1851"]
[BlackRD "71"]
[GameID "378542"]

1. d4 d5 2. c4 e6 3. Nc3 Nf6 4. Bg5 Be7 5. e3 Nbd7 6. Nf3 O-O 7. Rc1 a6 8. cxd5 exd5 9. Bd3 c6 10. O-O h6
11. Bh4 Qb6 12. Qc2 Qd8 13. a3 c5 14. dxc5 Nxc5 15. Bxf6 Bxf6 16. Bf5 b6 17. Bxc8 Rxc8 18. Rfd1 Bxc3 19. Qxc3 Na4 20. Qd4 Rxc1
21. Rxc1 Nc5 22. Rd1 Nb3 23. Qxd5 Qxd5 24. Rxd5 Rc8 25. g3 Rc2 26. Rd6 Rxb2 27. Rxb6 Rb1+ 28. Kg2 a5 29. Ne5 a4 30. Rb4 f6
31. Nf3 Rd1 32. Rxa4 Ra1 33. Ra7 Kh7 34. a4 Nc5 35. a5 Nb3 36. a6 Nc5 37. Nd4 Rxa6 38. Re7 Kg6 39. g4 Nd3 40. Nf5 Kh7
41. Rxg7+ Kh8 42. Re7 Ra2 43. Nxh6 Rxf2+ 44. Kg3 Rf1 45. Kh4 Rf2 46. h3 Ne1 47. Nf5 Nd3 48. Kh5 Ne5 49. Kh6 Kg8 50. Kh5 Kf8
51. Rb7 Rg2 52. Rb6 Kf7 53. Nd6+ Ke7 54. Ne4 Rh2 55. h4 Nf3 56. Nxf6 Kf7 57. Kh6 Rxh4+ 58. Nh5 Nh2 59. Rf6+ Ke7 60. g5 Ng4+
61. Kg6 Nxf6 62. gxf6+ Kf8 63. Nf4 Rg4+ 64. Kf5 Rg1 65. e4 Re1 66. e5 Ke8 67. e6 Rf1 68. Kg5 Rg1+ 69. Kh6 Rh1+ 70. Kg7 Rg1+
71. Ng6
1-0

[Event "Leisurely Chess"]
[Site "SchemingMind.com"]
[Date "2015.04.15"]
[Round "-"]
[White "Kid A"]
[Black "emvarela"]
[Result "1-0"]
[WhiteCountry "FIN"]
[BlackCountry "ARG"]
[WhiteElo "1864"]
[WhiteRD "78"]
[BlackElo "1740"]
[BlackRD "48"]
[GameID "378543"]

1. e4 e5 2. f4 exf4 3. Nf3 Nf6 4. Nc3 Nc6 5. Bc4 h6 6. d4 Bb4 7. e5 Ne4 8. O-O Nxc3 9. bxc3 Bxc3 10. Ba3 Bxa1
11. Qxa1 d5 12. exd6 cxd6 13. d5 Ne7 14. Qxg7 Ng6 15. Bb5+ Bd7 16. Re1+
1-0

[Event "Leisurely Chess"]
[Site "SchemingMind.com"]
[Date "2015.04.15"]
[Round "-"]
[White "emvarela"]
[Black "Kid A"]
[Result "1-0"]
[WhiteCountry "ARG"]
[BlackCountry "FIN"]
[WhiteElo "1741"]
[WhiteRD "50"]
[BlackElo "1839"]
[BlackRD "76"]
[GameID "378544"]

1. e4 e5 2. Nf3 Nc6 3. Bb5 a6 4. Bxc6 dxc6 5. O-O f6 6. d4 Bg4 7. c3 Bd6 8. dxe5 Bxf3 9. Qxf3 Bxe5 10. Rd1 Qe7
11. Bf4 g5 12. Bxe5 Qxe5 13. Na3 b5 14. Nc2 Ne7 15. Ne3 O-O 16. Nf5 Nxf5 17. exf5 c5 18. Re1 Qd6 19. Rad1 Rae8 20. Rxe8 Rxe8
21. g4 Qe5 22. Kg2 Qe2 23. Qxe2 Rxe2 24. Rd8+ Kf7 25. Rd7+ Re7 26. Rxe7+ Kxe7 27. Kg3 Kd6 28. f4 h6 29. fxg5 hxg5 30. h4 gxh4+
31. Kxh4 Ke7 32. g5 fxg5+ 33. Kxg5 Kf7 34. f6 c4 35. Kf5 c5 36. Ke5 b4 37. Kd5
1-0

[Event "Leisurely Chess"]
[Site "SchemingMind.com"]
[Date "2015.04.14"]
[Round "-"]
[White "Kid A"]
[Black "Phillip Beckett"]
[Result "1-0"]
[WhiteCountry "FIN"]
[BlackCountry "ENG"]
[WhiteElo "1875"]
[WhiteRD "76"]
[BlackElo "1612"]
[BlackRD "51"]
[GameID "378545"]

1. e4 e5 2. Nf3 Nc6 3. Bb5 a6 4. Ba4 Nf6 5. O-O Be7 6. Re1 b5 7. Bb3 O-O 8. c3 d5 9. exd5 Nxd5 10. Nxe5 Nxe5
11. Rxe5 Nf6 12. Re1 Bd6 13. h3 Ng4 14. d4 Qh4 15. Be3 Bh2+ 16. Kf1 Bd6 17. Nd2 Nh2+ 18. Kg1 Ng4 19. Nf3 Qh5 20. hxg4 Bxg4
21. Bd5 Bxf3 22. Qxf3 Qh2+ 23. Kf1 Rae8 24. Ke2 Qh6 25. Kd2 Qg6 26. Rh1 h6 27. Bb3 Kh8 28. Bc2 Qe6 29. Rae1 f5 30. Bxh6 Qxe1+
31. Rxe1 Rxe1 32. Bxg7+ Kxg7 33. Kxe1 Re8+ 34. Kd2
1-0

[Event "Leisurely Chess"]
[Site "SchemingMind.com"]
[Date "2015.04.15"]
[Round "-"]
[White "Phillip Beckett"]
[Black "Kid A"]
[Result "0-1"]
[WhiteCountry "ENG"]
[BlackCountry "FIN"]
[WhiteElo "1608"]
[WhiteRD "48"]
[BlackElo "1941"]
[BlackRD "76"]
[GameID "378546"]

1. e4 e5 2. Nf3 Nc6 3. Bb5 a6 4. Bxc6 dxc6 5. d4 exd4 6. Qxd4 Qxd4 7. Nxd4 Bd6 8. Be3 Nf6 9. f3 O-O 10. Nd2 c5
11. N4b3 b6 12. O-O-O Bb7 13. Nc4 Be7 14. Bf4 Rac8 15. e5 Nd5 16. Bg3 Bg5+ 17. Kb1 Ba8 18. Rhe1 b5 19. Ncd2 Ne3 20. Nxc5 Nxd1
21. Rxd1 Rfd8 22. Nce4 Bxe4
0-1

[Event "Leisurely Chess"]
[Site "SchemingMind.com"]
[Date "2015.04.14"]
[Round "-"]
[White "Kid A"]
[Black "Scooter"]
[Result "0-1"]
[WhiteCountry "FIN"]
[BlackCountry "USA"]
[WhiteElo "1875"]
[WhiteRD "76"]
[BlackElo "1726"]
[BlackRD "46"]
[GameID "378547"]

1. e4 c6 2. d4 d5 3. Nc3 dxe4 4. Nxe4 Bf5 5. Ng3 Bg6 6. h4 h6 7. h5 Bh7 8. Nf3 Nd7 9. Bd3 Bxd3 10. Qxd3 Qc7
11. Rh4 e6 12. Bf4 Bd6 13. Bxd6 Qxd6 14. Ne4 Qe7 15. Rg4 f5 16. Nd6+ Qxd6 17. Rxg7 O-O-O 18. c3 Ngf6 19. Qe3 Ng4 20. Qe2 Qf8
21. Rg6 Qf7 22. Ne5 Ndxe5 23. dxe5 Rd5 24. f4 Rhd8 25. a4 Qd7
0-1

[Event "Leisurely Chess"]
[Site "SchemingMind.com"]
[Date "2015.04.14"]
[Round "-"]
[White "Scooter"]
[Black "Kid A"]
[Result "0-1"]
[WhiteCountry "USA"]
[BlackCountry "FIN"]
[WhiteElo "1716"]
[WhiteRD "45"]
[BlackElo "1941"]
[BlackRD "76"]
[GameID "378548"]

1. d4 d5 2. Nf3 Nf6 3. Bf4 e6 4. e3 c5 5. Bb5+ Bd7 6. Bxd7+ Nbxd7 7. c3 Ne4 8. O-O Be7 9. Nbd2 Ndf6 10. Qa4+ Qd7
11. Qxd7+ Nxd7 12. Nxe4 dxe4 13. Nd2 f5 14. Nc4 g5 15. Bd6 b5 16. Bxe7 Kxe7 17. Nd2 Rac8 18. dxc5 Nxc5 19. Rab1 Rcd8 20. Nb3 Nxb3
21. axb3 Rd2 22. Rfd1 Rhd8 23. Rxd2 Rxd2 24. Kf1 f4 25. exf4 gxf4 26. Ke1 e3 27. b4 Rxf2
0-1

[Event "Leisurely Chess"]
[Site "SchemingMind.com"]
[Date "2015.04.15"]
[Round "-"]
[White "Kid A"]
[Black "ideasChess"]
[Result "0-1"]
[WhiteCountry "FIN"]
[BlackCountry "POL"]
[WhiteElo "1875"]
[WhiteRD "76"]
[BlackElo "2262"]
[BlackRD "106"]
[GameID "378549"]

1. e4 e5 2. Nf3 Nc6 3. Bc4 Bc5 4. b4 Bxb4 5. c3 Ba5 6. d4 exd4 7. O-O Nge7 8. Ng5 d5 9. exd5 Ne5 10. Bb3 O-O
11. Qxd4 N7g6 12. f4 Bb6 13. fxe5 Nxe5 14. Kh1 Bxd4 15. cxd4 Ng4
0-1

[Event "Leisurely Chess"]
[Site "SchemingMind.com"]
[Date "2015.04.15"]
[Round "-"]
[White "ideasChess"]
[Black "Kid A"]
[Result "1-0"]
[WhiteCountry "POL"]
[BlackCountry "FIN"]
[WhiteElo "2242"]
[WhiteRD "102"]
[BlackElo "1864"]
[BlackRD "78"]
[GameID "378550"]

1. e4 e5 2. Nf3 Nc6 3. Nc3 Nf6 4. Bc4 Nxe4 5. O-O Nxc3 6. dxc3 d6 7. Ng5 Be6 8. Nxe6 fxe6 9. Bxe6 Qe7 10. Bh3 Qf6
11. f4 Be7 12. fxe5 Qxe5 13. Qg4 Rd8 14. Bd2 Rf8 15. Rae1 Rxf1+ 16. Rxf1 g6 17. Kh1 Qg7 18. Qe6 Ne5 19. Bg5
1-0

[Event "Leisurely Chess"]
[Site "SchemingMind.com"]
[Date "2015.04.14"]
[Round "-"]
[White "Kid A"]
[Black "Stephen Woodhouse"]
[Result "1-0"]
[WhiteCountry "FIN"]
[BlackCountry "ENG"]
[WhiteElo "1941"]
[WhiteRD "76"]
[BlackElo "1879"]
[BlackRD "50"]
[GameID "378559"]

1. e4 e6 2. d4 d5 3. e5 c5 4. c3 Nc6 5. Nf3 Bd7 6. Be2 Nge7 7. Bg5 cxd4 8. cxd4 Qb6 9. Qb3 Qxb3 10. axb3 Nf5
11. Be3 Be7 12. O-O O-O 13. Nc3 Rac8 14. Rfd1 a6 15. Na4 Nxe3 16. fxe3 f6 17. Nb6 Rc7 18. Rac1 fxe5 19. Nxe5 Rd8 20. Nexd7 Rdxd7
21. Nxd7 Rxd7 22. Bxa6 bxa6 23. Rxc6
1-0

[Event "Leisurely Chess"]
[Site "SchemingMind.com"]
[Date "2015.04.14"]
[Round "-"]
[White "Stephen Woodhouse"]
[Black "Kid A"]
[Result "0-1"]
[WhiteCountry "ENG"]
[BlackCountry "FIN"]
[WhiteElo "1873"]
[WhiteRD "50"]
[BlackElo "1930"]
[BlackRD "74"]
[GameID "378560"]

1. e4 e5 2. Nf3 Nc6 3. d4 exd4 4. Nxd4 Nf6 5. Nc3 d6 6. Bb5 Bd7 7. O-O Be7 8. f4 O-O 9. Nxc6 bxc6 10. Bd3 Rb8
11. b3 Ng4 12. h3 Bf6 13. hxg4 Bd4+ 14. Rf2 Bxc3
0-1

[Event "Leisurely Chess"]
[Site "SchemingMind.com"]
[Date "2015.04.14"]
[Round "-"]
[White "Michael Christensen"]
[Black "Stephen Woodhouse"]
[Result "0-1"]
[WhiteCountry "GER"]
[BlackCountry "ENG"]
[WhiteElo "1683"]
[WhiteRD "69"]
[BlackElo "1872"]
[BlackRD "48"]
[GameID "378561"]

1. f4 d5 2. Nf3 Nf6 3. e3 c5 4. b3 g6 5. Bb2 Bg7 6. d3 O-O 7. Be2 Nc6 8. O-O Bg4 9. Nbd2 Qd6 10. Qe1 Nd7
11. Bxg7 Kxg7 12. h3 Bxf3 13. Nxf3 e5 14. Qh4 exf4 15. exf4 Rae8 16. Rae1 Re3 17. Nh2 Rfe8 18. Rf2 Nd4 19. Qg4 Nf6 20. Qh4 Nxe2+
21. Rfxe2 Rxe2
0-1

[Event "Leisurely Chess"]
[Site "SchemingMind.com"]
[Date "2015.04.14"]
[Round "-"]
[White "Stephen Woodhouse"]
[Black "Michael Christensen"]
[Result "1-0"]
[WhiteCountry "ENG"]
[BlackCountry "GER"]
[WhiteElo "1881"]
[WhiteRD "49"]
[BlackElo "1695"]
[BlackRD "73"]
[GameID "378562"]

1. e4 a6 2. d4 b5 3. Nf3 Bb7 4. Bd3 d6 5. O-O Nc6 6. c3 e6 7. Qe2 Nf6 8. Bg5 Be7 9. Nbd2 O-O 10. Rad1 Re8
11. Rfe1 h6 12. Bh4 Nd7 13. Bxe7 Nxe7 14. e5 dxe5 15. Nxe5 Nxe5 16. Qxe5 Nd5 17. Ne4 Qh4 18. g3 Qh3 19. Bf1 Qg4 20. h3 Qf3
21. Bg2 Qf5 22. Qxf5 exf5 23. Nc5 Bc6 24. Kf1 a5 25. Rxe8+ Rxe8 26. Re1 Rxe1+ 27. Kxe1 Ne7 28. Bxc6 Nxc6 29. Na6 b4 30. Nxc7 bxc3
31. bxc3 h5 32. Kd2 Ne7 33. d5 Nc8 34. Kd3 Kf8 35. Kd4 Ke7 36. c4 Kd7 37. Nb5 Nd6 38. Nxd6 Kxd6 39. c5+ Kd7 40. Ke5
1-0

[Event "Leisurely Chess"]
[Site "SchemingMind.com"]
[Date "2015.04.15"]
[Round "-"]
[White "bull mccabe"]
[Black "Stephen Woodhouse"]
[Result "1-0"]
[WhiteCountry "IRL"]
[BlackCountry "ENG"]
[WhiteElo "2011"]
[WhiteRD "141"]
[BlackElo "1834"]
[BlackRD "49"]
[GameID "378563"]

1. e4 e6 2. d4 d5 3. Nd2 c5 4. exd5 Qxd5 5. Ngf3 cxd4 6. Bc4 Qd6 7. O-O Nf6 8. Nb3 Nc6 9. Nbxd4 Nxd4 10. Nxd4 a6
11. Re1 Qc7 12. Bb3 Bd6 13. h3 O-O 14. Bg5 Be5 15. c3 h6 16. Bxf6 Bxf6 17. Qd3 Bd7 18. Rad1 Rfd8 19. Bc2 g6 20. Qf3 Bg7
21. Be4 Bxd4 22. Rxd4 Kf8 23. Bxg6 Bc6 24. Qf6 Rxd4 25. cxd4 Re8 26. Re3 Bd5 27. Rc3 Qd7 28. Rg3 Bxa2 29. Bh7 Rc8 30. Rg8#
1-0